Constructing grounded theory: a practical guide through qualitative analysis
Gespeichert in:
| 1. Verfasser: | |
|---|---|
| Format: | Buch |
| Sprache: | Englisch |
| Veröffentlicht: |
Londres
Sage
2009
|
| Schlagworte: | |
| Tags: |
Tag hinzufügen
Keine Tags, Fügen Sie den ersten Tag hinzu!
|
MARC
| LEADER | 00000nam a2200000 a 4500 | ||
|---|---|---|---|
| 001 | UCG2515 | ||
| 003 | CL-VaPUC | ||
| 008 | 100708e20090000UK |||||||||||||||||eng|d | ||
| 020 | |a 9780761973539 | ||
| 082 | 0 | 4 | |a 300.72 |b CHA |2 21 |
| 100 | 0 | |a Charmaz, Kathy |e author |9 550962 | |
| 245 | 1 | 0 | |a Constructing grounded theory: a practical guide through qualitative analysis |
| 300 | |a 208 p | ||
| 942 | |c BK | ||
| 945 | |d 20100708 00:00:00 |a mfarfan | ||
| 260 | |a Londres |b Sage |c 2009 | ||
| 650 | 0 | |a Ciencias sociales |9 256351 | |
| 650 | 0 | |a Métodos de investigación |9 262618 | |
| 650 | 0 | |a Investigación |9 257811 | |
| 650 | 0 | |a Metodología |9 256610 | |
| 583 | |a last modification |c 20100708 00:00:00 |k Rodrigo Vera | ||
| 999 | |c 341659 |d 341657 | ||
| 952 | |0 0 |1 0 |4 0 |6 300_720000000000000_CHA_2009 |7 0 |8 A |9 437303 |a FDOPOS |b FDOPOS |d 2019-11-22 |i 4694473 |o 300.72 CHA 2009 |p 4694473 |r 2025-01-22 |w 2019-11-22 |y BK |k DLA | ||